| 000 | 00606nam a2200205Ia 4500 | ||
|---|---|---|---|
| 003 | GCL | ||
| 008 | 140319s9999 xx 000 0 ara d | ||
| 040 |
_aGCL / _cGCL |
||
| 082 | 0 | 4 |
_a810.9965 _bا ا |
| 100 | 1 | _aاحمد فرحات | |
| 245 | 1 | 0 |
_aاصوات ثقافية من المغرب العربى: الجزائر / _cاحمد فرحات |
| 300 | _a256 | ||
| 490 |
_a100 قصة _v0 |
||
| 650 | 0 | 4 | _aالادب العربى |
| 650 | 0 | 4 | _aالجزائر |
| 650 | 0 | 4 | _aالادب العباسى |
| 650 | 0 | 4 | _aتاريخ ونقد |
| 650 | 0 | 4 | _aالادباء الجزائريون |
| 942 |
_2ddc _cBK |
||
| 999 |
_c43627 _d43627 |
||